Révisions TSS - Marx - Statistiques

Statistiques générales
  • Ce quiz a été pris 15 fois
  • Le résultat moyen est 17 sur 43
Statistiques - réponses
Hint Réponse % Correct
Dates de Marx 1818 1883
71%
Ville de sa première univ Bonn
64%
Même année il se fiance avec Jenny Von Westphalen
64%
Année de publication du manifeste du
parti communiste ?
1848, au début il paraît anonymement
57%
Comment peut on résumer le concept d'Aliénation ?
C'est la perte d'essence de son être, pour Marx le
travail est l'essence de l'être humain, il se doit
d'être libre et enrichissant. Aliénation c'est se faire
voler sa capacité à être heureux par le travail.
57%
Qu'est ce que la plus-value ?
C'est le temps de travail volé par le capitaliste. Marx fonde sa
théorie en disant qu'un ouvrier n'est pas payé à la hauteur de ce qu'il produit
57%
Quel est le nom de la personne avec qui il
forme un couple intellectuel ?
Engels
57%
Considérant la carrière universitaire
comme incompatible avec son engagement
politique, il se tourne vers :
le journalisme
57%
Qu'est ce qu'il découvre à Paris ?
(deux choses)
Le prolétariat parisien et l'économie
57%
Ville de naissance Trèves
57%
Que fait la monnaie ?
Elle instaure une équivalence entre certains biens qui n'ont rien à
voir.
50%
Qu'est ce que l'idéologie pour les marxistes ?
L'ensemble des idées, des croyances propres à
une époque, à une société, à une classe.
50%
Engels réunit ses brouillons pour faire des
livres posthumes, de quels livres il s'agit ?
Les tomes 1 et 2 du Capital
50%
Qui a crée le concept de lutte des classes ? Lorenz Von Stein
50%
En quelle année la gazette est censurée
+ s'installe à Paris
1843
43%
Quand est ce qu'ils sont reconduits en
Allemagne ?
Dans la nuit du 1 au 2 mars 1848
43%
Qu'est ce qu'il crée de retour en Allemagne ?
La nouvelle gazette rhénane, a pour but de
représenter les prolétaires ds les évent de
1848. Mais sera à nouveau censuré.
43%
Après la censure, dans quelle ville il va ?
Londres, il sera rejoint par Engels et sa famille
43%
L'idéologie est-elle le reflet de la réalité ?
Non, elle déforme la réalité, pr Marx, c'est un amalgame d'idées fausses au service des dominants.
43%
Journal qu'il rejoint : La gazette rhénane
43%
Qu'est ce que la valeur d'usage ? La manière dont on se sert de l'objet qui crée de la valeur.
43%
Quel est le critère de démarcation entre les classes ? La possession des moyens de productions.
43%
La c'est la fin de la biographie, maintenant les
concepts (pr ici rep juste "lezgo"
lezgo
43%
Hegel meurt en 1831
36%
Rejoint l'univ de Berlin en 1836
36%
Qu'est ce que le travail social ? C'est la dépense d'énergie de chaque travailleur, le temps qu'exige chaque travail.
36%
Qu'est ce que la fétichisation de la
marchandise ?
C'est oublier le rapport de production qui se cache derrière un objet
36%
Quels critiques on peut faire à Engels ?
Il a modifié les textes de Marx ce qui a eu des
conséquences terribles
36%
Quel mouvement il rejoint à ce moment ?
La ligue des justes, il bascule dans les idées
rév. Mouv qui deviendra la ligue communiste
36%
En quelle année il devient docteur
en philo ?
1841
29%
Dans quel livre Marx prend l'exemple d'un sac de patates, pour montrer que
les paysans français sont une classe en soi ?
18 brumaire de Napoléon Bonaparte, 1852
29%
Ou est ce qu'il va après être expulsé de
Paris ?
Bruxelles
29%
Comment est considéré Engels ? Comme le premier militant marxiste ?
29%
Sur quoi se fonde Marx pour être contre
Hegel ?
Le matérialisme historique, "l'existence détermine
la conscience".
29%
Qu'est ce qu'il étudie Droit et Berlin
29%
Ds un grp d'hégéliens de gauche il
rencontre :
Feuerbach
21%
L'année ou il arrive à l'univ 1835
14%
Qu'est ce que la valeur d'échange ? Contre quoi s'échangent les marchandises
14%
De qui Marx tient t'il le mot "idéologie" ? Destutt de Tracy "Éléments d'idéologie"
14%
Ou est ce qu'il le rencontre ? A la gazette rhénane
7%
Fait des articles sur :
Misère des petits vignerons en Moselle
et interdiction du ramassage de bois
7%
Qu'est ce qu'il commence à écrire pendant
cet exil ?
Une critique de Hegel, il se tourne vers
la matérialité des conditions.
7%
Qui meurt en 1833 ? Jenny Von Westphalen et Marx
0%
Aucun quiz correspondant
Distribution des résultats
% des personnes avec chaque résultat
Percentile par nombre de réponses
Votre historique - résultats
Vous n’avez pas pris ce quiz